00601 2200217 4500001002100000005001700021008004100038035002400079040001200103082001200115090001900127100002200146245005100168250001100219260004000230300002800270500003100298650002700329850001200356990001500368YOGYA-0209000001688620090227022709.0 ind  0010-020900000016886 aYOPDYOG a576.163 a576.163bFar A aFARDIAZ, Srikandi aAnalisis mikrobiologi pangancSrikandi Fardiaz aCet. 1 aJakartabRaja Grafindo Persadc1993 ax, 199 hlmbilusc21 cm aBibliografi : hlm. 183-184 aMakanan - Mikrobiologi aYOPDYOG a95P0056621